000 01011cam a2200253 i 4500
003 SA-RiAUC
005 20250203081816.0
008 250203s1929 ua g 00010cara c
040 _aDZ-AlALGU
_bara
_cSA-RiAUC
_erda
082 0 4 _a920.009
090 _a920.009
_bش و ك
100 1 _aالشوكاني، محمد بن علي بن محمد،
_d1173-1250 هجري
_eمؤلف.
245 1 2 _aالبدر الطالع لمحاسن من بعد القرن السابع /
_cمحمد بن علي بن محمد الشوكاني.
250 _aالطبعة الأولى.
264 1 _a[مكان النشر غير محدد] :
_b[الناشر غير محدد]،
_c[1929]
264 3 _aالقاهرة :
_bمطبعة السعادة
300 _a2 مجلد ؛
_c24 سم
336 _aنص
_btxt
_2rdacontent
_3كتاب
337 _aبدون وسيط
_bn
_2rdamedia
338 _aمجلد
_bnc
_2rdacarrier
650 7 _aتراجم
_yقرن 13
_2aucsh
942 _2ddc
_cRARE BOOK
949 _aSA-JeALM
_d250203
_ukhaled123
_n1
999 _c5539
_d5539